|
|
|
|
| LEADER |
02213nam a2200565 a 4500 |
| 001 |
001290153 |
| 003 |
CZ BrMZK |
| 005 |
20130527131925.0 |
| 007 |
ta |
| 008 |
130429s2002 xr ac e 000 0 cze |
| 015 |
|
|
|a cnb001251555
|
| 020 |
|
|
|a 80-239-1056-6
|q (v knize neuvedeno :
|q brož.)
|
| 035 |
|
|
|a (OCoLC)53273081
|
| 040 |
|
|
|a ABA001
|b cze
|d BOA001
|
| 043 |
|
|
|a e-xr---
|
| 045 |
|
|
|a y0y0
|
| 072 |
|
7 |
|a 32
|x Politika
|2 Konspekt
|9 15
|
| 080 |
|
|
|a 32-051
|2 MRF
|
| 080 |
|
|
|a 329.1/.6
|2 MRF
|
| 080 |
|
|
|a 316.64
|2 MRF
|
| 080 |
|
|
|a 324:342.849.2
|2 MRF
|
| 080 |
|
|
|a 324:342.53
|2 MRF
|
| 080 |
|
|
|a (437.3)
|2 MRF
|
| 080 |
|
|
|a (041)
|2 MRF
|
| 100 |
1 |
|
|a Klaus, Václav,
|d 1941-
|7 jn19990218045
|4 aut
|
| 245 |
1 |
0 |
|a Proč jdu znovu do toho /
|c Klaus ; [otázky občanů vybrali a redakci odpovědí Václava Klause provedli ... Pavel Bém a Boris Šťastný]
|
| 260 |
|
|
|a [Praha] :
|b Pro ODS vydal Press Servis,
|c 2002
|
| 300 |
|
|
|a 93 s. :
|b barev. il., portréty ;
|c 21 cm
|
| 500 |
|
|
|a Název z obálky
|
| 500 |
|
|
|a Dostupné též v digitální podobě v aplikaci Kramerius
|
| 600 |
1 |
7 |
|a Klaus, Václav,
|d 1941-
|7 jn19990218045
|2 czenas
|
| 610 |
2 |
7 |
|a Občanská demokratická strana
|7 kn20010709079
|2 czenas
|
| 648 |
|
7 |
|a 20.-21. století
|7 ch462155
|2 czenas
|
| 648 |
|
7 |
|a 21. století
|7 ch460559
|
| 648 |
|
4 |
|a 2002
|
| 650 |
0 |
7 |
|a politici
|7 ph115781
|z Česko
|y 20.-21. stol.
|2 czenas
|
| 650 |
0 |
7 |
|a politické strany
|7 ph115790
|z Česko
|y 21. stol.
|2 czenas
|
| 650 |
0 |
7 |
|a názory a postoje
|7 ph137634
|2 czenas
|
| 650 |
0 |
7 |
|a volební kampaň
|7 ph136612
|z Česko
|y 21. stol.
|2 czenas
|
| 650 |
0 |
7 |
|a parlamentní volby
|7 ph115681
|z Česko
|y 21. stol.
|2 czenas
|
| 655 |
|
7 |
|a brožury
|7 fd131925
|2 czenas
|
| 700 |
1 |
|
|a Bém, Pavel,
|d 1963-
|7 jn20000400334
|4 edt
|
| 700 |
1 |
|
|a Šťastný, Boris,
|d 1970-
|7 jo2002111951
|4 edt
|
| 710 |
2 |
|
|a Občanská demokratická strana
|7 kn20010709079
|
| 856 |
4 |
1 |
|u http://www.digitalniknihovna.cz/mzk/uuid/uuid:b9e159a0-3eac-11e7-a34b-005056827e51
|y Digitalizovaný dokument
|x NDK
|
| 910 |
|
|
|a BOA001
|b 2-1303.307
|
| 928 |
9 |
|
|a Press Servis
|
| 990 |
|
|
|a BK
|
| 991 |
|
|
|b 201305
|e n
|
| 996 |
6 |
|
|b 2610549358
|c 2-1303.307
|l MZK
|r Sklad / do 1 hodiny
|n 0
|p dar
|w 001327946
|u 000010
|a 1
|e BOA001
|j MZK50
|s P
|